LEADER 00933nam a2200229 i 4500 001 000000167307 003 CaOOAMICUS 005 20240222151458.0 008 071129s1959 it u000 u ita u 040 $aSeMil$bita 245 03$aLa Gilda del Mac Mahon /$cGiovanni Testori. 264 1$aMilano :$bFeltrinelli,$c1959. 300 $a378 p. ;$c21 cm. 490 1 $aBiblioteca di letteratura. I contemporanei ;$v10 773 0 $aTestori, Giovanni <1923-1993>$tSegreti di Milano.$dMilano : Feltrinelli, [19--?]$g2$w()18849 830 0$aBiblioteca di letteratura. I contemporanei ;$v10.$0(OLS)http://semarc/title/444030 850 $aSeMil 852 $aSeMil$W1$xVenegono$y1$m1B III 321$j246519$B118459$CSeMilBibl$Z2$F129331 $81 961 $aRecupero: Altro 996 $6245$aLa Gilda del Mac Mahon$9(OLS)http://semarc/title/239306 996 $6264$aMilano :$bFeltrinelli$9(OLS)http://semarc/publisher/30237 LEADER 00923nam a2200217 i 4500 001 000000035760 003 CaOOAMICUS 005 20051012000000.0 008 051012s1981 it u000 u ita u 013 $a4308 040 $aSeMil$bita 100 1 $aCenacchi, Giuseppe <1931- >.$0(OLS)http://semarc/name/16725 245 10$aAntropologia filosofica /$cGiuseppe Cenacchi. 260 $aCittā del Vaticano :$bLibreria Editrice Vaticana,$c1981. 300 $a319 p. ;$c25 cm. 500 $aContiene : Bibliografia. - A pič del front. : Pontificia Accademia di S. Tommaso. 650 4$aAntropologia filosofica.$0(OLS)http://semarc/subject/976 850 $aSeMil 852 $aSeMil$W1$xVenegono$y1$m2R IV 188$j1915$B1915$CSeMilBibl$Z2$F1915 $81 996 $6245$aAntropologia filosofica$9(OLS)http://semarc/title/8684 996 $6260$aCittā del Vaticano :$bLibreria Editrice Vaticana$9(OLS)http://semarc/publisher/29734